| 000 | 00563cam a2200181 4500 | ||
|---|---|---|---|
| 001 | D8663 | ||
| 008 | 090401t1979 xxu||||| |||| 00| 0 eng d | ||
| 035 | _a(Sirsi) u14481 | ||
| 041 | _aeng | ||
| 050 | _a690.24 | ||
| 110 |
_aShankland Cox Partnership _93166 |
||
| 245 | 4 | _aThe four day package: a study of the GLC`s experience in the rapid modernisation of inter-war flats with tenants in residence, a report for the Department of the Environment | |
| 260 |
_aLondon _bDOE _c1979 |
||
| 300 | _a57p. 30cm | ||
| 350 | _a1.2 | ||
| 942 | _n0 | ||
| 948 | _c04/03/1997 | ||
| 999 |
_c87186 _d87186 |
||